[Event "Harburg-chD 14th"]
[Site "Hamburg"]
[Date "2019.07.27"]
[Round "4.1"]
[White "Fasahat, Hossein"]
[Black "Lohmann, Rene Alexander"]
[Result "1-0"]
[WhiteElo "1514"]
[BlackElo "1506"]
[PlyCount "41"]
[EventDate "2019.07.26"]
[EventType "tourn"]
[EventRounds "5"]
[EventCountry "GER"]
[SourceTitle "EXT 2020"]
[Source "ChessBase"]
[SourceDate "2019.10.17"]
[SourceVersion "1"]
[SourceVersionDate "2019.10.17"]
[SourceQuality "1"]

1. d4 d5 2. e3 Nf6 3. Bd3 e6 4. a3 Nbd7 5. Nf3 Bd6 6. b3 0-0 7. Bb2 Re8 8. Ne5 c6 9. Nd2 Qc7 10. f4 b6 11. 0-0 a5 12. Qe2 c5 13. c4 Bb7 14. Rac1 Qd8 15. Rfe1 dxc4 16. bxc4 cxd4 17. exd4 Qe7 18. Nb1 Ba6 19. Qf3 Rec8 20. f5 exf5 21. Nxd7 1-0

[Event "Hamburg HSK Christmas op 4th"]
[Site "Hamburg"]
[Date "2018.12.28"]
[Round "4"]
[White "Leonforte, Aurelius"]
[Black "Lohmann, Rene Alexander"]
[Result "0-1"]
[WhiteElo "1629"]
[BlackElo "1390"]
[PlyCount "110"]
[EventDate "2018.12.27"]
[EventType "swiss"]
[EventRounds "7"]
[EventCountry "GER"]
[SourceTitle "CBM 188 Extra"]
[Source "ChessBase"]
[SourceDate "2019.02.26"]
[SourceVersion "1"]
[SourceVersionDate "2019.02.26"]
[SourceQuality "1"]

1. e4 e5 2. Nf3 Nc6 3. d4 exd4 4. Nxd4 Qf6 5. Nxc6 Qxc6 6. Nc3 Bb4 7. Qd4 Bxc3+ 8. bxc3 Nf6 9. Bd3 d6 10. Rb1 0-0 11. Bg5 Nd7 12. Bb5 Qb6 13. Qxb6 axb6 14. Bc4 h6 15. Bf4 Nc5 16. f3 Be6 17. Bb3 Rfe8 18. 0-0 Na4 19. Bxe6 Rxe6 20. Bd2 Nc5 21. Ra1 Ree8 22. Rfe1 Kf8 23. Kf2 Ra4 24. Be3 Ne6 25. Red1 Rea8 26. Rac1 Rxa2 27. f4 R2a4 28. Kf3 Rc4 29. Rd3 Ra3 30. Bd2 Nc5 31. Re3 Na4 32. Rb1 Nxc3 33. Rb3 Rxb3 34. cxb3 Rxe4 35. Rxe4 Nxe4 36. Kxe4 Ke7 37. Bc3 g6 38. h4 Ke6 39. b4 b5 40. Bd2 h5 41. Be3 c6 42. Bb6 d5+ 43. Kd4 Kf5 44. Bc7 Kg4 45. Kc5 Kxh4 46. f5 Kg4 47. fxg6 fxg6 48. Be5 g5 49. Kb6 Kf5 50. Bc3 Ke4 51. Kc7 d4 52. Bd2 Kd5 53. Bxg5 c5 54. Bd2 cxb4 55. Bxb4 Kc4 0-1

[Event "Blankenese op 2nd"]
[Site "Hamburg"]
[Date "2018.10.01"]
[Round "5.29"]
[White "Solar, Peter"]
[Black "Lohmann, Rene Alexander"]
[Result "1-0"]
[WhiteElo "1841"]
[BlackElo "1348"]
[PlyCount "41"]
[EventDate "2018.09.29"]
[EventType "swiss"]
[EventRounds "7"]
[EventCountry "GER"]
[SourceTitle "EXT 2020"]
[Source "ChessBase"]
[SourceDate "2019.10.17"]
[SourceVersion "1"]
[SourceVersionDate "2019.10.17"]
[SourceQuality "1"]

1. Nf3 Nf6 2. d4 e6 3. Bf4 d5 4. Nbd2 Bd6 5. Ne5 Nbd7 6. e3 0-0 7. Bd3 c5 8. c3 c4 9. Bc2 Qc7 10. Ndf3 b5 11. g4 Nb8 12. g5 Nfd7 13. a4 b4 14. Bxh7+ Kxh7 15. g6+ Kg8 16. gxf7+ Rxf7 17. Nxf7 Kxf7 18. Ng5+ Ke7 19. Qh5 Bxf4 20. Qf7+ Kd6 21. Qxe6# 1-0

[Event "Harburg-chI 12th"]
[Site "Hamburg"]
[Date "2017.08.06"]
[Round "4"]
[White "Lohmann, Rene Alexander"]
[Black "Torres, Bryan Jonnel"]
[Result "1/2-1/2"]
[WhiteElo "940"]
[BlackElo "1125"]
[PlyCount "73"]
[EventDate "2017.08.06"]
[EventType "tourn"]
[EventRounds "5"]
[EventCountry "GER"]
[SourceTitle "CBM 180 Extra"]
[Source "ChessBase"]
[SourceDate "2017.10.06"]
[SourceVersion "1"]
[SourceVersionDate "2017.10.06"]
[SourceQuality "1"]

1. d4 Nf6 2. c4 g6 3. Nc3 Bg7 4. e4 d6 5. f3 0-0 6. Be3 b6 7. Bd3 c5 8. dxc5 dxc5 9. e5 Nfd7 10. Be4 Nc6 11. Bxc6 Rb8 12. f4 Bb7 13. Bxb7 Rxb7 14. Nf3 e6 15. 0-0 f6 16. Re1 fxe5 17. fxe5 Nxe5 18. Nxe5 Bxe5 19. Bxc5 Bxc3 20. Bxf8 Qxd1 21. Raxd1 Bxe1 22. Rxe1 Kxf8 23. Rxe6 Kf7 24. Re1 b5 25. cxb5 Rxb5 26. b3 h5 27. g3 Rd5 28. Kf2 Kf6 29. Re2 g5 30. h3 Rd4 31. Kf3 Kf5 32. Rf2 Rb4 33. Ke3+ Ke5 34. Rc2 Rb5 35. Rb2 Kf5 36. a4 Rb4 37. Kf3 1/2-1/2

[Event "Hamburg-chB"]
[Site "Hamburg"]
[Date "2017.06.09"]
[Round "5"]
[White "Kibilka, Ulrich"]
[Black "Lohmann, Rene Alexander"]
[Result "1-0"]
[WhiteElo "1178"]
[BlackElo "795"]
[PlyCount "95"]
[EventDate "2017.06.03"]
[EventType "swiss"]
[EventRounds "6"]
[EventCountry "GER"]
[SourceTitle "CBM 179 Extra"]
[Source "ChessBase"]
[SourceDate "2017.08.23"]
[SourceVersion "1"]
[SourceVersionDate "2017.08.23"]
[SourceQuality "1"]

1. e4 c5 2. Nf3 Nc6 3. d3 d6 4. c3 g6 5. Be2 Bg7 6. 0-0 Nf6 7. b3 0-0 8. Bb2 Rb8 9. Nbd2 b5 10. Rb1 Bb7 11. Re1 a6 12. Nf1 Qc7 13. Ng3 d5 14. exd5 Nxd5 15. Qc2 Rfd8 16. d4 cxd4 17. cxd4 Ncb4 18. Qxc7 Nxc7 19. Rbc1 Ncd5 20. a3 Nc6 21. Rc2 Rd6 22. a4 b4 23. h4 Rbd8 24. h5 Nf4 25. Bc4 Nd5 26. hxg6 hxg6 27. Ne4 R6d7 28. Nc5 Rc7 29. Nxb7 Rxb7 30. Bxa6 Rb6 31. Bb5 Na7 32. Bd3 Nc6 33. Re4 Nf6 34. Re1 Nd5 35. Bb5 Na5 36. Nd2 e6 37. Nc4 Nb7 38. Nxb6 Nxb6 39. Rc6 Nd5 40. Rec1 Nd6 41. Bc4 Nf4 42. Rc2 Nf5 43. Rb6 Nxd4 44. Bxd4 Bxd4 45. Rxb4 Be5 46. Bf1 Kg7 47. g3 Nd5 48. Rb5 1-0

[Event "Hamburg-chB"]
[Site "Hamburg"]
[Date "2017.06.03"]
[Round "1"]
[White "Lohmann, Rene Alexander"]
[Black "Chau, Jason"]
[Result "0-1"]
[WhiteElo "795"]
[BlackElo "1121"]
[PlyCount "78"]
[EventDate "2017.06.03"]
[EventType "swiss"]
[EventRounds "6"]
[EventCountry "GER"]
[SourceTitle "CBM 179 Extra"]
[Source "ChessBase"]
[SourceDate "2017.08.23"]
[SourceVersion "1"]
[SourceVersionDate "2017.08.23"]
[SourceQuality "1"]

1. d4 d5 2. c4 c6 3. Nc3 Nf6 4. cxd5 cxd5 5. f3 Nc6 6. e4 dxe4 7. d5 Ne5 8. fxe4 e6 9. Bb5+ Bd7 10. Nf3 Nxf3+ 11. Qxf3 Bxb5 12. Nxb5 Bb4+ 13. Nc3 exd5 14. e5 Ne4 15. 0-0 Bc5+ 16. Be3 Bxe3+ 17. Qxe3 Nxc3 18. Qxc3 Rc8 19. Qf3 0-0 20. Rad1 Qb6+ 21. Rf2 d4 22. h3 Rc5 23. Rxd4 Rxe5 24. Rd7 Qe6 25. Rxb7 Qxa2 26. b3 Qb1+ 27. Kh2 Qg6 28. Rxa7 f6 29. b4 Rb8 30. Ra8 Rxa8 31. Qxa8+ Kf7 32. Qb7+ Re7 33. Qd5+ Kf8 34. b5 Re5 35. Qb3 Qe8 36. b6 Qb8 37. Qb4+ Kg8 38. Rc2 Re4+ 39. Kh1 Rxb4 0-1